000 01134nam a22002297a 4500
003 BPGM
008 260619s mx a|||gr|||| 001 | SPA||
020 _a978-607-513-016-3
040 _bspa
041 _aSPA
_hSPA
082 0 4 _2PRIMERA EDICIÓN, JUNIO 2012
_aCQ / 972 / V37
_bV37
100 _aVASCONCELOS DUEÑAS, EMILIO
_cAUTOR
245 _a¡SUFRAGIO EFECTIVO, NO REELECCIÓN!
_bA CIEN AÑOS VIGENTE
260 _aQUERÉTARO, MÉXICO;
_bUNIVERSIDAD AUTÓNOMA DE QUERÉTARO;
_cJUNIO 2012;
300 _a366 PÁGINAS;
_c21.5 CM X 17 CM
336 _2rdacontent
_atexto
_btxt
337 _2rdamedia
_asin mediación
_bn
338 _2rdacarrier
_avolumen
_bnc
505 _aDESDE LA FUNDACIÓN DE LA MÍTICA TENOCHTITLAN, DONDE SE TRANSITA POR LA BÚSQUEDA DEL ÁGUILA REAL QUE LUCHA CON LA SERPIENTE DE CASCABEL, HASTA LOS CUESTIONABLES EVENTOS QUE SUPERFICIALMENTE CONMEMORARON GESTAS SUSTANTIVAS EN ESTO DE HACER DE MÉXICO UNA NACIÓN SÓLIDA, LIBRE Y DEMOCRÁTICA, ESTE LIBRO ES UN SOMERO RECORRIDO POR LOS ÚLTIMOS 685 AÑOS DE LA HISTORIA DE MÉXICO.
650 _aHISTORIA DE MÉXICO
_v972
_x900
_y70
_z2
942 _2ddc
_cCOLQ
999 _c68647
_d68647